000 00337nam a2200133Ia 4500
008 240624s9999 xx 000 0 und d
041 _aeng
082 _a519.5 BOX
100 _aBOX GEORGE
245 _aEVOLUTIONARY OPERATION A STATISTICAL MET
260 _c2014
_aNew Delhi
_bWiley
300 _axi, 237 p.; 22 cm.
365 _cRS
_b27.5
999 _c29500
_d29500